[Event "Rohde op 12th"]
[Site "Sautron"]
[Date "2012.11.02"]
[Round "8"]
[White "Ulybin, Mikhail"]
[Black "Karpatchev, Aleksandr"]
[Result "1-0"]
[WhiteElo "2529"]
[BlackElo "2458"]
[Annotator "RR"]
[PlyCount "138"]
[EventDate "2012.10.27"]
[EventType "swiss"]
[EventRounds "9"]
[EventCountry "FRA"]
[SourceTitle "EXT 2014"]
[Source "ChessBase"]
[SourceDate "2013.11.20"]
[SourceVersion "1"]
[SourceVersionDate "2013.11.20"]
[SourceQuality "1"]
[TimeControl "40/5400+30:1800+30"]
[WhiteClock "1:30:00"]
[BlackClock "1:30:00"]

1. Nf3 {[%emt 0:02:30]} d5 {[%emt 0:00:00]} 2. g3 {[%emt 0:00:59]} g6 {[%emt 0:
02:10]} 3. Bg2 {[%emt 0:01:15]} Bg7 {[%emt 0:00:15]} 4. d4 {[%emt 0:00:57]} c6
{[%emt 0:01:13]} 5. O-O {[%emt 0:01:12]} Nf6 {[%emt 0:00:06]} 6. Be3 {[%emt 0:
04:05][%cal Gd1d2,Gd2c1,Ge3h6] Une ligne secondaire jouée par Aronian en
premier} (6. c4) (6. Nbd2) 6... O-O {[%emt 0:00:58]} (6... Ng4 7. Bf4) 7. Qc1 {
[%emt 0:01:23]} Re8 {[%emt 0:12:42]} (7... Qb6 {[%csl Rb2]} 8. h3 Bf5) 8. Rd1 {
[%emt 0:16:09]} Bf5 {[%emt 0:06:07]} 9. c4 {[%emt 0:04:48]} Nbd7 {[%emt 0:02:
57]} 10. h3 {[%emt 0:15:04]} (10. Ne5 Rc8 {Maletin,P (2429)-Vitiugov,N (2474)
RUS-ch U20 Samara 2004 (7) 1-0}) 10... Nb6 {[%emt 0:04:15]} 11. Na3 {[%emt 0:
04:43]} (11. Nbd2) 11... Be4 {[%emt 0:02:17]} 12. Bf4 {[%emt 0:05:16]} dxc4 {
[%emt 0:21:09]} 13. Nxc4 {[%emt 0:02:44]} Nxc4 {[%emt 0:01:05]} 14. Qxc4 {
[%emt 0:00:20]} Qb6 {[%emt 0:01:34]} 15. Ne5 {[%emt 0:12:03]} Bd5 {[%emt 0:00:
43]} 16. Qc2 {[%emt 0:01:45]} Bxg2 {[%emt 0:02:32]} 17. Kxg2 {[%emt 0:00:21]}
Nd5 {[%emt 0:02:50]} 18. Nf3 $1 {[%emt 0:03:37]} Nxf4+ {[%emt 0:01:23]} 19.
gxf4 {[%emt 0:00:12]} Rad8 {[%emt 0:01:38]} 20. e3 $14 {[%emt 0:01:58][%csl
Gc5,Rg7]} Rd5 {[%emt 0:02:48]} 21. Rac1 {[%emt 0:03:35]} Red8 {[%emt 0:02:23]}
22. Rd3 {[%emt 0:03:51]} (22. b3) 22... Rb5 {[%emt 0:05:06]} 23. b3 {[%emt 0:
02:55]} Rbd5 {[%emt 0:00:56]} 24. Rc3 {[%emt 0:01:05]} e6 {[%emt 0:02:17]} 25.
Rc4 {[%emt 0:01:35]} Qc7 {[%emt 0:02:17]} 26. b4 {[%emt 0:01:59]} a5 $1 {
[%emt 0:01:59]} 27. Rb1 {[%emt 0:01:04]} Rb5 {[%emt 0:03:46]} 28. bxa5 {
[%emt 0:02:25]} Qxa5 {[%emt 0:00:37]} 29. Rxb5 {[%emt 0:03:41]} Qxb5 {[%emt 0:
00:01]} 30. Rc3 {[%emt 0:00:52]} Ra8 {[%emt 0:08:18]} 31. Rb3 {[%emt 0:00:09]}
Qa6 {[%emt 0:00:54]} 32. Rb2 {[%emt 0:00:30]} h6 {[%emt 0:00:46]} 33. Qc1 {
[%emt 0:00:36]} (33. Ne1 {[%cal Ge1d3,Gd3c5]}) 33... Ra7 {[%emt 0:04:00]} 34.
Qc5 {[%emt 0:00:21]} Bf8 {[%emt 0:00:19]} 35. Qe5 {[%emt 0:00:35]} Qa3 {
[%emt 0:00:43]} 36. Rc2 {[%emt 0:00:30]} Qd6 {[%emt 0:00:30]} 37. Qxd6 {
[%emt 0:00:32]} Bxd6 {[%emt 0:00:01]} 38. Nd2 {[%emt 0:00:33]} Kf8 {[%emt 0:00:
51]} 39. Kf3 {[%emt 0:00:25]} Ke7 {[%emt 0:00:16]} 40. Nc4 {[%emt 0:00:00]} Bc7
{[%emt 0:00:00]} 41. h4 {[%emt 0:14:22]} f5 {[%emt 0:09:05]} 42. Rb2 {[%emt 0:
05:26]} Kf6 {[%emt 0:01:55]} 43. Ne5 {[%emt 0:02:04]} Bd6 {[%emt 0:04:31]} 44.
a4 {[%emt 0:07:04]} Bc7 {[%emt 0:05:23]} 45. Rb1 {[%emt 0:00:46]} Bxe5 {
[%emt 0:14:45]} 46. fxe5+ {[%emt 0:00:28]} Kf7 {[%emt 0:00:12]} 47. Kf4 {
[%emt 0:00:54]} Kg7 {[%emt 0:00:06]} 48. a5 $14 {[%emt 0:01:55][%csl Ra7,Gb1,
Rb7] La finale est un peu meilleure pour les Blancs qui ont des pièces plus
actives mais le K Blanc manque de cases d'accès} Kf7 {[%emt 0:00:04]} 49. f3 $1
{[%emt 0:00:36][%cal Ge3e4]} Ke7 {[%emt 0:00:15]} 50. e4 {[%emt 0:00:46][%cal
Gd4d5]} Kf7 {[%emt 0:01:29]} (50... fxe4) 51. Rb6 {[%emt 0:01:35]} (51. exf5 {
Semblait plus anturel pour donner des cases d'accès au K Blanc} gxf5 (51...
exf5 $6 {[%cal Gf7e6]} 52. h5 {[%cal Gf4f5]}) 52. h5 {[%csl Gg6][%cal Gb1g1,
Gg1g6,Gg6h6,Gb1a1,Gf4e3,Ge3d3,Gd3c3,Gc3b4]} Kg7 (52... Ke7 53. Rg1 {[%cal
Gg1g6]} Ra6) 53. Ke3 (53. Rg1+ Kf7 54. Rg6 Rxa5 55. Rf6+ Ke7 56. Rxh6 Ra4 57.
Rh7+ Kf8 58. Rxb7 Rxd4+ 59. Kg5 $18 {[%csl Rf8][%cal Gg5f6]}) 53... Rxa5 54.
Rxb7+ Kf8 {[%csl Rf8]} 55. Rc7 Ra3+ 56. Kf4 Rd3 $1 57. Rh7 Rxd4+ 58. Kg3 c5 59.
Rxh6 Ke7 60. Rh7+ Kf8 (60... Kd8 61. h6) 61. Rc7 c4 62. h6 Kg8 63. Re7 c3 64.
Rc7 c2 65. Rxc2 Kh7 66. Rh2) 51... Ke7 {[%emt 0:00:04]} 52. d5 {[%emt 0:00:49]}
fxe4 {[%emt 0:01:22]} 53. fxe4 {[%emt 0:00:35]} cxd5 {[%emt 0:00:36]} 54. exd5
{[%emt 0:00:08]} g5+ $1 {[%emt 0:00:21]} 55. hxg5 {[%emt 0:00:41]} hxg5+ {
[%emt 0:00:00]} 56. Kxg5 {[%emt 0:00:21]} exd5 {[%emt 0:00:16]} 57. Kf5 {
[%emt 0:00:28]} d4 $1 {[%emt 0:00:21]} 58. Rh6 {[%emt 0:00:43]} Rxa5 {[%emt 0:
02:51]} 59. Rh7+ {[%emt 0:00:17]} Kd8 {[%emt 0:00:29]} 60. Kf6 {[%emt 0:00:16]}
Ra1 {[%emt 0:00:18]} (60... d3) 61. e6 {[%emt 0:00:43]} Rf1+ {[%emt 0:00:21]}
62. Ke5 {[%emt 0:00:17][%cal Ge5d6]} Ra1 {[%emt 0:00:53][%cal Ga1a6]} 63. Kf6 {
[%emt 0:01:02]} (63. Kxd4 $11) 63... Rf1+ {[%emt 0:00:02]} 64. Ke5 {[%emt 0:00:
12]} Ra1 {[%emt 0:00:00]} 65. Rxb7 {[%emt 0:00:42]} d3 {[%emt 0:00:18]} 66.
Rd7+ Ke8 67. Rxd3 {[%emt 0:01:08]} Ke7 {[%emt 0:00:02]} 68. Rd7+ {[%emt 0:00:
18]} Ke8 {[%emt 0:00:01]} 69. Rd2 {[%emt 0:00:37]} Ke7 {[%emt 0:00:04]} 1-0

[Event "ESP-chT CECLUB Honor"]
[Site "Melilla"]
[Date "2011.11.26"]
[Round "7"]
[White "Rivas Pastor, Manuel"]
[Black "Delchev, Aleksander"]
[Result "1-0"]
[WhiteElo "2556"]
[BlackElo "2629"]
[Annotator "RR"]
[PlyCount "57"]
[EventDate "2011.11.21"]
[EventType "team-tourn"]
[EventRounds "7"]
[EventCountry "ESP"]
[SourceTitle "CBM 146"]
[Source "ChessBase"]
[SourceDate "2012.01.18"]
[SourceVersion "1"]
[SourceVersionDate "2012.01.18"]
[SourceQuality "1"]
[WhiteTeam "Reverte Albox"]
[BlackTeam "Solvay"]
[WhiteTeamCountry "ESP"]
[BlackTeamCountry "ESP"]

1. d4 Nf6 2. Nf3 g6 3. Nbd2 d5 4. e3 Bg7 5. Be2 c5 6. dxc5 Nfd7 7. Nb3 Nxc5 8.
Nxc5 Qa5+ 9. Nd2 Qxc5 10. Nb3 Qc6 11. Na5 Qd7 12. c4 b6 $6 (12... dxc4 13. Bxc4
Qxd1+ $15) 13. Bf3 $16 bxa5 14. Qxd5 Nc6 $1 (14... Qxd5 $2) 15. Qxc6 Rb8 16.
Qxd7+ Bxd7 17. Rb1 O-O 18. Be4 Rfc8 19. b3 Bc6 20. Bxc6 Rxc6 21. Ke2 Rxc4 22.
bxc4 Rxb1 23. Rd1 Ra1 $6 (23... f5 24. Ba3 Rxd1 $14) 24. Rd8+ $18 Bf8 25. Kd1
e5 26. Kc2 Rxa2+ 27. Kb3 Ra1 28. Bb2 a4+ 29. Kc2 1-0

[Event "Sautron op 15th"]
[Site "Sautron"]
[Date "2015.10.24"]
[Round "8.3"]
[White "Ider, Borya"]
[Black "Bailet, Pierre"]
[Result "1/2-1/2"]
[WhiteElo "2464"]
[BlackElo "2515"]
[Annotator "RR"]
[PlyCount "97"]
[EventDate "2015.10.24"]
[EventType "swiss"]
[EventRounds "9"]
[EventCountry "FRA"]
[SourceTitle "CBM 169 Extra"]
[Source "ChessBase"]
[SourceDate "2015.12.18"]
[SourceVersion "1"]
[SourceVersionDate "2015.12.18"]
[SourceQuality "1"]
[TimeControl "40/5400+30:1800+30"]
[WhiteClock "1:25:31"]
[BlackClock "0:33:04"]

1. d4 {[%emt 0:00:00]} d5 {[%emt 0:00:00]} 2. Nf3 {[%emt 0:00:00]} Nf6 {
[%emt 0:00:00]} 3. g3 {[%emt 0:00:00]} c6 {[%emt 0:00:07]} 4. Bg2 {[%emt 0:00:
00]} Bg4 {[%emt 0:00:51]} (4... Bf5) 5. O-O {[%emt 0:00:23]} Nbd7 {[%emt 0:00:
18]} 6. Nbd2 {[%emt 0:01:25]} e6 {[%emt 0:00:17]} 7. h3 {[%emt 0:00:24]} Bh5 {
[%emt 0:00:54]} 8. g4 {[%emt 0:01:56]} Bg6 {[%emt 0:00:08]} 9. Nh4 {[%emt 0:00:
08]} Bd6 {[%emt 0:09:03]} (9... Be7) 10. Nxg6 $146 {[%emt 0:00:20]} ({
Pertinent:} 10. e3 Qe7 11. f4 Ne4 12. Nxg6 hxg6 13. Nxe4 dxe4 14. c4 g5 15. Qb3
O-O-O 16. c5 Bc7 17. fxg5 Qxg5 18. Rxf7 Qh4 19. Qxe6 Qe1+ 20. Rf1 Qg3 21. Rf7
Rhf8 22. Qxd7+ Rxd7 23. Rxf8+ Rd8 24. Rxd8+ Kxd8 25. Bd2 Kd7 26. Re1 Bd8 27.
Re2 Bg5 28. Kf1 Ke6 29. Be1 Qh2 30. b4 a6 31. a4 Kd7 32. Bf2 Ke6 33. Rb2 Bd8
34. b5 axb5 35. axb5 Bc7 36. b6 Bb8 37. Ra2 g5 38. Ra7 Kd5 39. Rxb7 Ke6 {
Moussard,J (2423)-Barbot,P (2465) Pau 2015 1-0}) 10... hxg6 {[%emt 0:00:06]}
11. e3 {[%emt 0:04:41]} e5 $11 {[%emt 0:06:34]} 12. Qe2 {[%emt 0:05:48]} Qe7 {
[%emt 0:03:52]} 13. Re1 {[%emt 0:01:22]} O-O-O {[%emt 0:09:30]} 14. c4 {
[%emt 0:02:07]} exd4 {[%emt 0:00:41]} 15. exd4 {[%emt 0:00:52]} Qxe2 {[%emt 0:
00:05]} 16. Rxe2 {[%emt 0:00:02]} Rde8 {[%emt 0:02:12]} 17. Rxe8+ {[%emt 0:00:
07]} Rxe8 $32 {[%emt 0:00:05][%csl Ra1,Rc1] Non seulement les Blancs n'ont
rien obtenu de l'ouverture mais Pierre a obtenu une petite avance de
développement} 18. Kf1 {[%emt 0:00:02]} dxc4 {[%emt 0:14:40][%csl Rd4]} 19.
Nxc4 {[%emt 0:01:26]} Bc7 {[%emt 0:00:12]} 20. b3 {[%emt 0:03:11]} Nb6 {
[%emt 0:10:09]} 21. Ba3 {[%emt 0:02:31]} Nfd5 {[%emt 0:06:15]} (21... Nbd5) (
21... Kd7 $5 22. Rd1 Nbd5 $15 {[%csl Ra2,Rd4][%cal Gd5c3]}) 22. Nd6+ {[%emt 0:
05:14]} Bxd6 {[%emt 0:00:06]} 23. Bxd6 {[%emt 0:00:03]} Kd7 {[%emt 0:00:46]}
24. Bg3 {[%emt 0:00:56]} g5 {[%emt 0:02:17]} 25. h4 {[%emt 0:04:47]} gxh4 {
[%emt 0:01:31]} 26. Bxh4 {[%emt 0:00:12]} f6 {[%emt 0:00:51]} 27. Bg3 {[%emt 0:
01:39]} g5 {[%emt 0:01:17][%csl Gf4]} 28. a4 $1 {[%emt 0:00:10] Nbd5 au lieu
de Nfd5 n'aurait pas laissé cette option aux Blancs} Nf4 {[%emt 0:03:34]} 29.
Bxf4 {[%emt 0:05:30]} gxf4 {[%emt 0:00:02]} 30. a5 {[%emt 0:00:16]} Nd5 {
[%emt 0:00:30]} 31. a6 $1 {[%emt 0:00:43]} b6 {[%emt 0:00:24]} 32. Bxd5 $1 {
[%emt 0:00:22]} (32. Rc1 Nb4) 32... cxd5 {[%emt 0:00:05]} 33. Kg2 {[%emt 0:00:
03]} (33. Rc1 $6 Rc8 34. Rxc8 Kxc8 35. Ke2 b5 36. Kd3 b4 {[%cal Gc8c7,Gc7b6,
Gb6a6]}) 33... Rh8 {[%emt 0:11:42]} 34. Kf3 {[%emt 0:01:16]} Rh3+ {[%emt 0:00:
13]} 35. Kxf4 {[%emt 0:00:03]} Rxb3 {[%emt 0:00:10]} 36. Rh1 {[%emt 0:00:02]
[%csl Ra7][%cal Gh1h7]} Ke6 {[%emt 0:00:31]} 37. Rh7 {[%emt 0:00:50]} Rd3 {
[%emt 0:00:28]} 38. f3 {[%emt 0:00:57]} Rxd4+ {[%emt 0:00:10]} 39. Ke3 {
[%emt 0:00:02]} Ra4 {[%emt 0:00:26]} 40. Rxa7 {[%emt 0:00:00][%csl Ga4,Ra7] Le
P "a6" est difficile à valoriser à cause de la position des R} Ra3+ {[%emt 0:
00:00]} 41. Kf4 {[%emt 0:02:07]} Ra4+ {[%emt 0:00:55]} 42. Kg3 {[%emt 0:00:09]}
b5 $1 {[%emt 0:14:08]} 43. Ra8 {[%emt 0:00:41]} Kf7 {[%emt 0:00:38]} 44. Kf2 {
[%emt 0:02:07]} (44. a7 Kg7 45. Rd8 Rxa7 46. Rxd5 Rb7 {[%csl Gb5]}) 44... b4 {
[%emt 0:01:07]} 45. a7 {[%emt 0:01:23]} b3 {[%emt 0:01:19]} 46. Ke3 {[%emt 0:
01:50]} b2 $1 {[%emt 0:00:14]} 47. Rb8 {[%emt 0:00:02]} Rxa7 {[%emt 0:00:12]}
48. Rxb2 {[%emt 0:00:02]} Kg6 {[%emt 0:01:21]} 49. Rd2 {[%emt 0:00:48]} 1/2-1/2

[Event "ESP-chT CECLUB Honor"]
[Site "Melilla"]
[Date "2011.11.22"]
[Round "2"]
[White "Graf, Alexander"]
[Black "Romero Holmes, Alfonso"]
[Result "0-1"]
[WhiteElo "2633"]
[BlackElo "2488"]
[Annotator "RR"]
[PlyCount "52"]
[EventDate "2011.11.21"]
[EventType "team-tourn"]
[EventRounds "7"]
[EventCountry "ESP"]
[SourceTitle "CBM 146"]
[Source "ChessBase"]
[SourceDate "2012.01.18"]
[SourceVersion "1"]
[SourceVersionDate "2012.01.18"]
[SourceQuality "1"]
[WhiteTeam "Colegio Marcote EIKM"]
[BlackTeam "Sestao"]
[WhiteTeamCountry "ESP"]
[BlackTeamCountry "ESP"]

1. d4 Nc6 2. Nf3 d5 3. e3 Bg4 4. Be2 e6 5. Nbd2 Nf6 6. a3 Be7 7. h3 Bh5 8. c4
O-O 9. b4 a6 10. Bb2 dxc4 11. Bxc4 Nd5 12. O-O f5 13. Re1 Kh8 14. Qc2 Rf6 15.
Rac1 Bd6 16. Ne5 Bxe5 17. dxe5 Rg6 18. Bxd5 Qxd5 19. e4 fxe4 20. Nxe4 Rf8 21.
g4 Bxg4 22. hxg4 Rxg4+ 23. Ng3 Rf3 24. Qe2 Rh4 25. Ne4 Rfh3 26. Qc2 $2 (26.
Rcd1 Rh1+ 27. Kg2 $11) 26... Rg4+ $19 0-1

[Event "POL-chT 66th"]
[Site "Katowice"]
[Date "2010.09.09"]
[Round "6"]
[White "Kempinski, Robert"]
[Black "Krasenkow, Michal"]
[Result "0-1"]
[WhiteElo "2615"]
[BlackElo "2622"]
[Annotator "RR"]
[PlyCount "58"]
[EventDate "2010.09.04"]
[EventType "team-tourn"]
[EventRounds "9"]
[EventCountry "POL"]
[SourceTitle "EXT 2016"]
[Source "ChessBase"]
[SourceDate "2015.10.08"]
[SourceVersion "1"]
[SourceVersionDate "2015.10.08"]
[SourceQuality "1"]
[WhiteTeam "Wroclaw"]
[BlackTeam "Gorzow Wielkopolski"]
[WhiteTeamCountry "POL"]
[BlackTeamCountry "POL"]

1. d4 d5 2. Nf3 c6 3. e3 f5 (3... e6 4. c4 f5 5. Be2 Nf6 6. O-O Bd6 7. b3 Qe7
8. Bb2 O-O 9. Qc1 b6 10. Ba3 c5 11. Nc3 Bb7 12. Nb5 Nbd7 13. Nxd6 Qxd6 14. cxd5
Bxd5 15. Qb2 Rac8 16. Ne5 Qb8 17. Nxd7 Nxd7 18. f3 Rfe8 19. Rac1 e5 20. dxc5
Nxc5 21. Rfd1 Bf7 22. Bb5 Re7 23. Qd2 e4 24. f4 Bh5 25. Qd5+ Kh8 26. Rd2 Nd3
27. Rxc8+ Qxc8 28. Bxd3 Rd7 29. Qxf5 Bg6 30. Ba6 Bxf5 31. Bxc8 Rxd2 32. Bxf5
Rxa2 33. Bd6 {Kempinski,R (2629)-Bartel,M (2627) Trzcianka 2015 1-0 (90)}) 4.
Be2 Nf6 5. O-O $146 (5. c4 e6 6. Nbd2 Bd6 7. O-O Nbd7 8. b3 O-O 9. Bb2 b6 10.
a3 Bb7 11. b4 Ne4 12. Rc1 c5 13. dxc5 bxc5 14. cxd5 Bxd5 15. Nc4 Be7 16. b5 Rb8
17. a4 a6 18. Nce5 axb5 19. Bxb5 Nxe5 20. Bxe5 Ra8 21. Qe2 Bf6 22. Qb2 Nd6 23.
Bxf6 Rxf6 24. Ne5 Rh6 25. f3 Qe7 26. Rfd1 Qa7 27. Qc3 Nxb5 28. axb5 Qc7 29. Ra1
Rb8 30. Rdb1 c4 31. Qd4 c3 32. Ra7 c2 33. Rc1 Bb7 34. h3 Rf6 {Kim,S (2280)
-Galkin,A (2607) chessassistantclub.com INT 2004 1-0}) 5... e6 6. b3 b6 7. Ne5
Bb7 8. c4 Nbd7 9. cxd5 Nxe5 10. dxe5 Nxd5 11. Bb2 Bc5 12. a3 a5 13. Nc3 O-O 14.
Na4 Be7 15. Rc1 c5 16. Bf3 Qc7 17. Qc2 Rad8 18. Rfd1 Rd7 19. Qc4 Kh8 20. b4 $6
(20. Qe2 {[%cal Gb3b4,Gc1c7]} Rfd8) 20... b5 $1 21. Qxb5 Bc6 {[%csl Ra4]} 22.
Qa6 Bxa4 23. Qxe6 Bxd1 24. Rxd1 cxb4 25. Bxd5 Rfd8 26. g4 Qc2 27. Rd4 Qxb2 28.
gxf5 Bc5 29. Rg4 Bxe3 0-1

[Event "POL-chT 66th"]
[Site "Katowice"]
[Date "2010.09.08"]
[Round "5"]
[White "Cyborowski, Lukasz"]
[Black "Tazbir, Marcin"]
[Result "1/2-1/2"]
[WhiteElo "2531"]
[BlackElo "2523"]
[Annotator "RR"]
[PlyCount "98"]
[EventDate "2010.09.04"]
[EventType "team-tourn"]
[EventRounds "9"]
[EventCountry "POL"]
[SourceTitle "EXT 2016"]
[Source "ChessBase"]
[SourceDate "2015.10.08"]
[SourceVersion "1"]
[SourceVersionDate "2015.10.08"]
[SourceQuality "1"]
[WhiteTeam "Dankowice"]
[BlackTeam "Wroclaw"]
[WhiteTeamCountry "POL"]
[BlackTeamCountry "POL"]

1. d4 Nf6 2. Nf3 g6 3. Nbd2 d5 4. e3 Bg7 5. b4 $5 {Un système solide face au
fianchetto adverse} a5 (5... O-O 6. Be2 Nbd7 7. Bb2 b6 8. O-O Bb7 9. c4 c5 10.
bxc5 bxc5 11. Rb1 dxc4 12. Bxc4 cxd4 13. Bxd4 Nb6 14. Bb3 Rc8 15. Re1 Ne4 16.
Bxg7 Kxg7 17. Rb2 Qd6 18. Nxe4 Qxd1 19. Rxd1 Bxe4 20. Rbd2 e6 21. h3 Bd5 22.
Nd4 Rc5 23. f3 Rfc8 24. e4 Bxb3 25. axb3 a5 26. Ra1 e5 27. Ne2 Rb5 28. Rd3 Rc2
29. Kf1 Rb2 30. h4 R2xb3 31. Rxb3 Rxb3 32. Rxa5 Nd7 33. Rd5 Rb7 34. Nc3 f6 35.
Ra5 {Aronian,L (2803)-Giri,A (2734) Beijing 2013 1/2-1/2}) 6. b5 c5 (6... O-O)
7. bxc6 bxc6 (7... Nxc6 8. Ba3 (8. Bb5 O-O 9. O-O Bf5 {Sandipan,C (2595)
-Rombaldoni,A (2464) Cappelle op 28th 2012 (2) 1-0}) 8... O-O) 8. Ba3 O-O 9.
Be2 Nfd7 (9... Ba6 10. Ne5 Nfd7 11. Nd3 Re8 12. f4 Bb5 13. Rc1 Nb6 14. Nb2 Bxe2
15. Qxe2 Na6 16. Nd3 Na4 17. c4 c5 18. Nxc5 N6xc5 19. Bxc5 Nxc5 20. dxc5 Rc8
21. e4 Rxc5 22. exd5 e6 23. d6 Qxd6 24. O-O Rec8 {1/2-1/2 (24) Sandipan,C 
(2656)-Zinchenko,Y (2543) Rethymnon 2011}) 10. O-O Na6 11. c4 (11. Rb1) 11...
Nb4 12. cxd5 cxd5 13. Qb3 Rb8 14. Bxb4 $6 {Le gain du P sera provisoire} Rxb4
$11 15. Qxd5 Bb7 16. Qg5 h6 {Second tempo gagné sur la Q} 17. Qg3 e5 $1 $44 {
[%csl Gg7]} 18. Rfb1 (18. Rab1) 18... exd4 {[%cal Gg7a1]} 19. exd4 Nf6 20. Rxb4
axb4 {[%csl Ra2,Gb7,Gg7] Non seulement les blancs n'ont rien obtenu de
l'ouverture mais les Noirs commencent à prendre l'avantage} 21. Bc4 Bd5 22.
Bb3 Bxb3 23. axb3 Nd5 $1 {[%csl Rc3,Rd4]} 24. Re1 Nc3 25. h4 Nb5 26. Qf4 Nxd4
27. Nxd4 Qxd4 28. Qxd4 Bxd4 29. Nc4 Ra8 {[%cal Ga8a2]} 30. Rd1 Bc5 31. g3 (31.
Rd5 $2 Ra1+ 32. Kh2 Bxf2) 31... Ra2 32. Rd2 Ra1+ 33. Kg2 Rb1 34. Rd5 Be7 35.
Rd3 Bf6 36. Nd2 Re1 37. Kf3 Bc3 38. Ne4 Rb1 39. Nc5 Kg7 40. Kg2 Rb2 41. Rd1 h5
42. Kf1 Bf6 43. Rd3 Be7 44. Ne4 f6 45. Nd2 g5 46. hxg5 fxg5 47. Kg2 Kg6 48. Nc4
Rc2 49. Rd7 Bc5 1/2-1/2

[Event "Bundesliga 1112"]
[Site "Germany"]
[Date "2011.11.19"]
[Round "4.7"]
[White "Hausrath, Daniel"]
[Black "Gasthofer, Alexander"]
[Result "1-0"]
[WhiteElo "2507"]
[BlackElo "2456"]
[Annotator "RR"]
[PlyCount "77"]
[EventDate "2011.10.14"]
[EventType "team-tourn"]
[EventRounds "15"]
[EventCountry "GER"]
[SourceTitle "CBM 146"]
[Source "ChessBase"]
[SourceDate "2012.01.18"]
[SourceVersion "1"]
[SourceVersionDate "2012.01.18"]
[SourceQuality "1"]
[WhiteTeam "Muelheim Nord"]
[BlackTeam "Hockenheim"]
[WhiteTeamCountry "GER"]
[BlackTeamCountry "GER"]

1. Nf3 Nf6 2. g3 d5 3. Bg2 g6 4. O-O Bg7 5. d4 O-O 6. Be3 Be6 7. Qc1 Qc8 8. Bh6
Bh3 9. Bxg7 Kxg7 10. Qe3 Bxg2 11. Kxg2 Re8 12. Nbd2 Nbd7 13. c4 dxc4 14. Nxc4
c5 15. Rac1 cxd4 16. Qxd4 Qc5 17. Qf4 Qb4 18. Rfd1 Rec8 19. Nd4 Qc5 20. e4 Qh5
21. Nf3 b5 22. Na5 e5 23. Qe3 Qh6 24. Qxh6+ Kxh6 25. Rxc8 Rxc8 26. g4 Kg7 27.
g5 Nxe4 28. Rxd7 Rc2 29. Nxe5 Rxf2+ 30. Kg1 Rf5 31. Nac6 Rxg5+ 32. Kf1 Rf5+ 33.
Ke2 a6 34. Re7 Nc5 35. Nd4 Rg5 $2 (35... Rf4 36. Ndc6 Na4) 36. b4 $18 Na4 37.
Rxf7+ Kg8 38. Re7 Nc3+ 39. Kd3 1-0

[Event "FIDE-Wch k.o."]
[Site "New Delhi/Teheran"]
[Date "2000.11.30"]
[Round "2.1"]
[White "Lputian, Smbat G"]
[Black "Rublevsky, Sergei"]
[Result "1-0"]
[WhiteElo "2598"]
[BlackElo "2670"]
[Annotator "Rabinovich,Al"]
[PlyCount "51"]
[EventDate "2000.11.27"]
[EventType "k.o."]
[EventRounds "7"]
[EventCountry "IND"]
[SourceTitle "CBM 081"]
[Source "ChessBase"]
[SourceDate "2001.03.20"]
[SourceVersion "1"]
[SourceVersionDate "2001.03.20"]
[SourceQuality "1"]

1. d4 (1. Nf3 d5 2. g3 c5 3. Bg2 Nf6 4. O-O Nc6 5. d4 cxd4 6. Nxd4 Na5 $6 7.
Nb3 e5 8. Bg5 Be6 9. Nc3 d4 10. Ne4 Nxb3 11. axb3 Be7 12. Nxf6+ gxf6 13. Bh6
$16 {1-0 Yandemirov,V-Nadanian,A/Novgorod 1999/CBM 69 ext (39)}) 1... d5 2. Nf3
e6 3. g3 c5 4. Bg2 cxd4 5. O-O (5. Nxd4 {Finally will reach the same as in the
game.}) 5... Nf6 6. Nxd4 e5 7. Nb3 Be6 {This variation is one of the favorite
weapons of Rublevsky.} 8. Bg5 (8. Nc3 Be7 9. Bg5 Nbd7 10. e4 dxe4 11. Bxf6 Nxf6
12. Nxe4 Qc7 13. Re1 O-O 14. Qe2 Nd7 15. Rad1 Rac8 16. c3 Rfd8 17. Qe3 h6 $15 {
[%csl Ge6,Ge7][%cal Ga7a5,Gf7f5] 0-1 Romanishin,O-Rublevsky,S/Istanbul TUR
2000/The Week in Chess 314 (40)}) 8... Nbd7 9. e3 {If white is looking for
advantage it should be here.After 9.e4 black manages to get good position.But
also in the text line white resources are not too big.Black has carefully to
finish development of the B and to castle.} h6 10. Bxf6 Nxf6 11. Qe2 Be7 {
All this has already been played.White prepared some novelty on 13 move.} 12.
Nc3 Qc8 13. Rad1 $5 $146 {[%mdl 8] New idea.White leaves the R on f1 for
opening the f-file.} (13. Rfd1 e4 14. Nd4 O-O 15. Nxe6 fxe6 16. Bh3 Qc6 17. Nb5
e5 18. c4 dxc4 19. a4 a6 20. Nc3 Bb4 21. Qc2 b5 22. axb5 axb5 23. Rxa8 Rxa8 24.
Bg2 Bxc3 25. Qxc3 Re8 $17 {0-1 Wojtkiewicz,A-Rublevsky,S/Frankfurt GER 2000/
The Week in Chess 293 (63)}) 13... e4 14. Nd4 Bd7 $6 {Brave decition from
black,but not completly correct.White pieces finished the development and
placed very well.The next move openes the game and black finds himself not
ready enough for it.} (14... O-O 15. Nxe6 fxe6 (15... Qxe6 16. Nb5 $14 {
[%cal Gb5d4]}) 16. f3 exf3 17. Rxf3 $14 {[%cal Ge3e4]}) 15. f3 $1 {The best
time for it.Black K is still in the center.} Bb4 (15... exf3 16. Bxf3 Bc6 (
16... Be6 17. Qb5+ Bd7 18. Qb3 $16) 17. Nxc6 (17. Qg2 $1 Qd7 18. Nxc6 bxc6 19.
e4 $16) 17... bxc6 18. e4 dxe4 19. Nxe4 O-O $14) 16. Ndb5 {[%cal Gc3d5]} a6 17.
a3 $1 Bc5 (17... Bxc3 $4 18. Nd6+) (17... Bxb5 18. Nxb5 Bc5 19. Nd4 exf3 20.
Bxf3 (20. Rxf3 $1 O-O 21. Rxf6 gxf6 22. Bxd5 $16 {[%cal Ge2h5,Gc2c4,Gd4f5]
Very strong B on d5 and very weak black K give white advantage.}) 20... O-O $11
) 18. Nd4 $14 Bxa3 (18... exf3 19. Rxf3 $2 (19. Bxf3 Be6 20. Nxe6 fxe6 21. Bh5+
$16 {[%cal Gg1h1,Ge3e4]}) 19... Bg4) 19. fxe4 Bxb2 (19... Bg4 $142 20. Bf3 Bh3
21. Rfe1 $6 (21. Rf2 dxe4 (21... Ng4 22. Nxd5 Nxf2 23. Qxf2 Bc5 24. Bh5 $1 {
[%csl Gd4,Gd5,Rf7]} O-O (24... Qd7 25. Nb3 $18 {[%cal Gd1d7]}) (24... g6 25.
Qf4 $3 {[%cal Gf4e5,Gd5c7]} O-O (25... Kf8 26. Bxg6 $18) 26. Qxh6 $18 gxh5 27.
Nf6#) 25. b4 Bd6 26. e5 $18) 22. Nxe4 Nxe4 23. Bxe4 Bc5 24. Qf3 O-O $8 25. Bxb7
Bg4 26. Bxc8 Bxf3 27. Rxf3 Rfxc8 28. Rd2 $16) 21... Bxb2 22. e5 Bxc3 {[%csl
Re1][%cal Gc3e1]}) 20. e5 $40 Bxc3 $6 (20... Bg4 21. Qf2 Qxc3 (21... Bxc3 22.
exf6 g6 23. Rd3 Bxd4 24. Rxd4 Be6 25. Rfd1 $16 {With very strong initiative.})
22. Rd3 Qc4 23. exf6 $16 {Black pieces can't really help black K.For one
sacrafised P white has more than enough compensation.}) 21. exf6 g6 22. Bxd5
$18 {[%csl Re8]} O-O 23. Qd3 {[%csl Rg8][%cal Gd3g6]} Kh7 24. Rf4 {[%cal Gf4h4]
Black K is alone,black has no pieces to come to defend him.} Rb8 25. Rh4 {
[%cal Gd3e4,Gh4h6,Ge4h4]} b5 {Black blunders white's idea,but position is
anyway lost.} (25... Bg4 26. Rf1 Bxd4 27. Qxd4 h5 28. Rf4 $18) 26. Qe4 {
Black is helpless against 27.Rh6 Kh6 28.Qh4} 1-0